00521nam a2200193 a 4500001001300000003000900013005001700022008004100039020001000080082001800090100002900108245005400137260003000191300000900221500003500230505001000265650002300275700002900298nice12345678IN_TiNIC20260116013557.0050524s1985 lona grp 000 0 eng  ac20000a297.1228bHAE aHaeri, Shaykh Fadhlullah aJourney of the Universe as Expounded in the Quran aLondonbZahra Trustc1985 a102p aincludes index and biblioraphy2 aIndex aQuran and Universe1 aHaeri, Shaykh Fadhlullah